[Event "DDR-ch (Women)"]
[Site "Bad Blankenburg"]
[Date "1990.02.15"]
[Round "9"]
[White "Burchardt, Brigitte"]
[Black "Gollewsky, Petra"]
[Result "1/2-1/2"]
[WhiteElo "2225"]
[BlackElo "2055"]
[PlyCount "42"]
[EventDate "1990.02.07"]
[EventType "tourn"]
[EventRounds "11"]
[EventCountry "DDR"]
[SourceTitle "EXT 2003"]
[Source "ChessBase"]
[SourceDate "2002.11.25"]
[SourceVersion "1"]
[SourceVersionDate "2002.11.25"]
[SourceQuality "1"]

1. e4 e6 2. d4 d5 3. Nd2 Nf6 4. e5 Nfd7 5. c3 c5 6. Bd3 Nc6 7. Ne2 f6 8. exf6 Nxf6 9. Nf3 Bd6 10. 0-0 0-0 11. Bg5 Qc7 12. Bh4 Bd7 13. a3 e5 14. dxe5 Nxe5 15. Nxe5 Bxe5 16. Bg3 Rae8 17. Qd2 Kh8 18. Rad1 Nh5 19. Qg5 Nxg3 20. Nxg3 Qd6 21. Rfe1 Qf6 1/2-1/2

[Event "DDR-ch (Women)"]
[Site "Bad Blankenburg"]
[Date "1990.02.14"]
[Round "8"]
[White "Gollewsky, Petra"]
[Black "Heyme, Sibylle"]
[Result "0-1"]
[WhiteElo "2055"]
[BlackElo "1925"]
[PlyCount "121"]
[EventDate "1990.02.07"]
[EventType "tourn"]
[EventRounds "11"]
[EventCountry "DDR"]
[SourceTitle "EXT 2003"]
[Source "ChessBase"]
[SourceDate "2002.11.25"]
[SourceVersion "1"]
[SourceVersionDate "2002.11.25"]
[SourceQuality "1"]

1. e4 g6 2. d4 Bg7 3. Nc3 c6 4. f4 d6 5. Nf3 Nf6 6. Bd3 b5 7. e5 Nfd7 8. 0-0 b4 9. Ne4 d5 10. Neg5 h6 11. e6 hxg5 12. Nxg5 Nf8 13. Nxf7 Qb6 14. Nxh8 Qxd4+ 15. Kh1 Bxh8 16. Qg4 Bxe6 17. Bxg6+ Kd8 18. Qe2 Nbd7 19. f5 Nxg6 20. Qxe6 Ngf8 21. Qe2 Be5 22. Bg5 Nh7 23. Rad1 Qxb2 24. Bf4 Nhf6 25. Rde1 Ne4 26. Qa6 Qd4 27. Be3 Qc3 28. Qb7 Rb8 29. Qxa7 d4 30. Bg5 Nf2+ 31. Kg1 Ng4 32. Re4 Bf6 33. Bxf6 Ngxf6 34. Rxd4 Ke8 35. Rfd1 Nd5 36. Re4 Qxc2 37. Rde1 Qc5+ 38. Qxc5 Nxc5 39. Rxe7+ Nxe7 40. f6 Kf7 41. fxe7 Ne6 42. Rc1 c5 43. Kf2 Kxe7 44. g4 Ra8 45. Rc2 Ra3 46. Kg2 Kf6 47. h4 Nf4+ 48. Kf2 Nd3+ 49. Ke2 Nf4+ 50. Kf2 Kg6 51. Kf1 Rf3+ 52. Ke1 Rh3 53. h5+ Kf6 54. g5+ Ke6 55. Rc4 Nd3+ 56. Kd2 Kd5 57. Rg4 Ne5 58. Rg2 Rxh5 59. g6 Nxg6 60. Rxg6 Rh2+ 61. Kd3 0-1

[Event "DDR-ch (Women)"]
[Site "Bad Blankenburg"]
[Date "1990.02.09"]
[Round "3"]
[White "Gollewsky, Petra"]
[Black "Winter, Astrid"]
[Result "1/2-1/2"]
[WhiteElo "2055"]
[BlackElo "1880"]
[PlyCount "43"]
[EventDate "1990.02.07"]
[EventType "tourn"]
[EventRounds "11"]
[EventCountry "DDR"]
[SourceTitle "EXT 2003"]
[Source "ChessBase"]
[SourceDate "2002.11.25"]
[SourceVersion "1"]
[SourceVersionDate "2002.11.25"]
[SourceQuality "1"]

1. e4 d6 2. d4 Nf6 3. Nc3 g6 4. f4 Bg7 5. Nf3 0-0 6. Bd3 Nc6 7. e5 dxe5 8. fxe5 Nd5 9. Ne4 f6 10. exf6 exf6 11. 0-0 Kh8 12. c3 Nce7 13. c4 Nb4 14. Be2 Nf5 15. a3 Nc6 16. d5 Qe7 17. Nc3 Ne5 18. Nxe5 fxe5 19. Ne4 b6 20. Bg5 Qd7 21. b4 Bb7 22. Qd3 1/2-1/2

[Event "DDR-ch (Women)"]
[Site "Bad Blankenburg"]
[Date "1990.02.08"]
[Round "2"]
[White "Starck, Ines"]
[Black "Gollewsky, Petra"]
[Result "1/2-1/2"]
[WhiteElo "2140"]
[BlackElo "2055"]
[PlyCount "70"]
[EventDate "1990.02.07"]
[EventType "tourn"]
[EventRounds "11"]
[EventCountry "DDR"]
[SourceTitle "EXT 2003"]
[Source "ChessBase"]
[SourceDate "2002.11.25"]
[SourceVersion "1"]
[SourceVersionDate "2002.11.25"]
[SourceQuality "1"]

1. e4 e6 2. d4 d5 3. Nc3 Bb4 4. e5 c5 5. a3 Bxc3+ 6. bxc3 Ne7 7. a4 Nbc6 8. Nf3 Qc7 9. Qd2 Bd7 10. Be2 f6 11. exf6 gxf6 12. Ba3 c4 13. Bxe7 Nxe7 14. Qh6 Ng6 15. Nh4 Qf4 16. Qxf4 Nxf4 17. Bf3 0-0-0 18. Kd2 Ng6 19. Nxg6 hxg6 20. h3 g5 21. a5 Bc6 22. Rae1 Rd6 23. Bg4 Bd7 24. Rhf1 f5 25. Be2 Rc6 26. Ra1 Rh4 27. Ke3 Be8 28. Rh1 Bh5 29. Bxh5 Rxh5 30. f4 Kd7 31. g3 Ke7 32. fxg5 Rxg5 33. Kf4 Kf6 34. Rhb1 Rg7 35. Re1 Rh7 1/2-1/2

[Event "DDR-ch (Women)"]
[Site "Bad Blankenburg"]
[Date "1990.02.07"]
[Round "1"]
[White "Gollewsky, Petra"]
[Black "Sommaro, Katja"]
[Result "1-0"]
[WhiteElo "2055"]
[BlackElo "1683"]
[PlyCount "101"]
[EventDate "1990.02.07"]
[EventType "tourn"]
[EventRounds "11"]
[EventCountry "DDR"]
[SourceTitle "EXT 2003"]
[Source "ChessBase"]
[SourceDate "2002.11.25"]
[SourceVersion "1"]
[SourceVersionDate "2002.11.25"]
[SourceQuality "1"]

1. e4 g6 2. d4 Bg7 3. f4 d5 4. e5 c5 5. c3 cxd4 6. cxd4 Nc6 7. Be3 h5 8. Nc3 Bg4 9. Qb3 Rb8 10. Qxd5 Qb6 11. Qb5 Qxb5 12. Bxb5 a6 13. Bxc6+ bxc6 14. h3 Be6 15. b3 Nh6 16. Nge2 Nf5 17. Bf2 h4 18. Rc1 Bh6 19. Rc2 g5 20. fxg5 Bxg5 21. Ne4 Be3 22. Rc3 Bd5 23. Bxe3 Bxe4 24. Kf2 Rd8 25. Rg1 Ng7 26. Rc4 Kd7 27. Nf4 Ne6 28. Nxe6 Kxe6 29. g4 f6 30. exf6 Kxf6 31. Bf4 Kg6 32. Ke3 Bd5 33. Rc2 Rhf8 34. Rf2 Rf7 35. Rgf1 Rc8 36. b4 Ra8 37. Rb1 Raf8 38. Rbb2 Ra8 39. a4 Rc8 40. Be5 Rxf2 41. Rxf2 Bb3 42. a5 Be6 43. Bh2 Rd8 44. Bc7 Rc8 45. Bb6 Re8 46. Ke4 Rh8 47. Bc5 Rh7 48. Ke5 Bd5 49. b5 axb5 50. Rf8 Kg7 51. a6 1-0

[Event "DDR-ch (Women)"]
[Site "Glauchau"]
[Date "1987.??.??"]
[Round "4"]
[White "Kunze, Kerstin"]
[Black "Gollewsky, Petra"]
[Result "0-1"]
[WhiteElo "2000"]
[BlackElo "2000"]
[PlyCount "38"]
[EventDate "1987.02.05"]
[EventType "tourn"]
[EventRounds "13"]
[EventCountry "DDR"]
[SourceTitle "EXT 2003"]
[Source "ChessBase"]
[SourceDate "2002.11.25"]
[SourceVersion "1"]
[SourceVersionDate "2002.11.25"]
[SourceQuality "1"]

1. e4 e6 2. d4 d5 3. Nc3 Bb4 4. e5 c5 5. a3 Bxc3+ 6. bxc3 Ne7 7. Nf3 b6 8. Bd3 Ba6 9. 0-0 Bxd3 10. Qxd3 Ng6 11. Ng5 Qd7 12. f4 Nc6 13. f5 exf5 14. Rxf5 c4 15. Qf1 Nd8 16. Rxf7 Nxf7 17. e6 Qe7 18. Nxf7 0-0 19. Qf5 Rae8 0-1

[Event "DDR-ch (Women)"]
[Site "Glauchau"]
[Date "1987.??.??"]
[Round "9"]
[White "Ramseier, Jana S"]
[Black "Gollewsky, Petra"]
[Result "1-0"]
[WhiteElo "2000"]
[BlackElo "2000"]
[PlyCount "99"]
[EventDate "1987.02.05"]
[EventType "tourn"]
[EventRounds "13"]
[EventCountry "DDR"]
[SourceTitle "EXT 2003"]
[Source "ChessBase"]
[SourceDate "2002.11.25"]
[SourceVersion "1"]
[SourceVersionDate "2002.11.25"]
[SourceQuality "1"]

1. d4 Nf6 2. c4 g6 3. Nc3 Bg7 4. e4 d6 5. f4 0-0 6. Bd3 c5 7. d5 e6 8. Nge2 exd5 9. cxd5 a6 10. a4 Re8 11. 0-0 Bg4 12. Qc2 Qa5 13. Be3 Bxe2 14. Bxe2 Nbd7 15. Bf3 Nb6 16. Rad1 Nc4 17. Bc1 b5 18. axb5 axb5 19. g4 b4 20. Ne2 Qa2 21. Ng3 Nd7 22. e5 dxe5 23. f5 e4 24. Bxe4 Nde5 25. f6 Bxf6 26. Rxf6 Nxg4 27. Rf3 Nce5 28. Rff1 c4 29. h3 Qa7+ 30. Kg2 Ne3+ 31. Bxe3 Qxe3 32. Rde1 Qd4 33. Ne2 Qc5 34. Nc1 Rad8 35. Qf2 Qe7 36. Kh1 Qd7 37. Bg2 f5 38. Qd4 Qc7 39. Re2 Nf7 40. Rfe1 Nd6 41. Qf6 Qf7 42. Rxe8+ Rxe8 43. Rxe8+ Qxe8 44. Qxd6 Qe1+ 45. Kh2 Qxc1 46. Qe5 Qd2 47. d6 f4 48. Qd5+ Qxd5 49. Bxd5+ Kf8 50. Bxc4 1-0